| 000 | 00843cam a22002654a 4500 | ||
|---|---|---|---|
| 001 | 2156056 | ||
| 003 | OSt | ||
| 005 | 20260418155948.0 | ||
| 008 | 990107s1999 ja a bs 001 0 eng | ||
| 010 | _a 99010729 | ||
| 020 |
_a9280810308 _qalk. paper |
||
| 040 | _c. | ||
| 082 | _a320.95 WED | ||
| 100 | 1 | _aWeder, Beatrice. | |
| 245 | 1 | 0 |
_aModel, myth, or miracle? : _breassessing the role of governments in the East Asian experience / _cBeatrice Weder. |
| 260 |
_aNew York : _bUnited Nations University Press, _cc1999. |
||
| 300 |
_avi, 169 p. : _bill. ; _c23 cm. |
||
| 365 | _bRs.644 | ||
| 650 | 0 |
_aBureaucracy _zEast Asia. |
|
| 650 | 0 |
_aBusiness and politics _zEast Asia. |
|
| 650 | 0 |
_aPolitical corruption _zEast Asia. |
|
| 651 | 0 |
_aEast Asia _xPolitics and government. |
|
| 651 | 0 |
_aEast Asia _xEconomic policy. |
|
| 942 |
_2ddc _cBK |
||
| 999 |
_c41551 _d41551 |
||